000 00334nam a2200121 a 4500
001 4144
005 20140414131936.0
008 090317s19uu xx 00 eng d
050 _aREF 940.1
_bSt3 1994
100 _aSteele, Philip, 1948
245 _aI wonder why castles had moats and other questions about long ago.
999 _c112458
_d112458